Postacie Sprunki - Statystyki

Ogólne statystyki
  • Ten quiz został rozwiązany 116 razy
  • Średni wynik to 14 z 20
Statystyki odpowiedzi
odpowiedź % Poprawnych
Oren
96%
Raddy
88%
Gray
79%
Wenda
77%
Black
75%
Pinki
73%
Funbot
71%
Simon
71%
Vineria
70%
Brud
68%
Jevin
68%
Mr Sun
68%
Mr Fun Computer
66%
Mr Tree
66%
Sky
64%
Tunner
64%
Clukr
63%
Durple
63%
Garnold
59%
OWACKX
59%
Nie znaleziono quizów pasujących do podanych kryteriów
Rozkład punktacji
Procent ludzi z każdym wynikiem
Percentyl według liczby udzielonych odpowiedzi
Twoja historia wyników
Nie rozwiązałeś tego quizu